Music Trivia: All-Female Bands - Statistics

General Stats
  • This quiz has been taken 71 times
  • The average score is 4 of 15
Answer Stats
Hint All-Female Bands % Correct
Debbi Peterson, Vicki Peterson, Michael Steele and Susanna Hoffs all played in this band--responsible for Manic Monday, Walk Like an Egyptian and Eternal Flame. The Bangles
85%
They've got the beat and sealed their lips, God bless them, but what was the name of the band with Gina Schock, Charlotte Caffey, Jane Wiedlin and Belinda Carlisle in it? The Go-Go's
60%
Martie Maguire, Natalie Maines and Emily Robinson were in this country band with songs such as Goodbye Earl, Not Ready to Make Nice and Wide Open Spaces. Dixie Chicks
52%
Kristen Stewart and Dakota Fanning played two members of this famous group in a 2010 movie. The Runaways
48%
Sisters Danielle, Este and Alana, from Los Angeles, use their 4-letter last name for their band. They released albums; Days Are Gone in 2013 and Something to Tell You in 2017. Their biggest singles include; "The Wire" and "Want You Back". Haim
27%
When Carrie Brownstein isn't on Portlandia she joins with band mates Janet Weiss and Corin Tucker to perform under this name. Sleater-Kinney
24%
The Quin twins from Calgary simply use their first names when they perform. Tegan and Sara
19%
Singer-songwriters Amy Ray and Emily Saliers' band name may not be the least complicated, but I can't think of any that would be any closer to fine. Indigo Girls
18%
Swedish sisters Klara and Johanna Soderberg formed a duo with this three word name First Aid Kit
13%
This Manhattan band mixed alt rock and hip-hop back in the '90s. Some of there songs include; Naked Eye, Ladyfingers, Daughters of the Kaos. They took their band name from the mispronunciation of a basketball player's name. Luscious Jackson
13%
Ari Up, Palmolive, Suzy Gutsy and Kate Korus formed this punk band back in the '70s The Slits
13%
June Millington, Jean Millington, Nickey Barclay and Alice de Buhr formed this band back in the '60s. Its cheeky name is even more provocative in the UK. Fanny
10%
Brett Anderson, Allison Robertson, Maya Ford and Torry Castellano (though they took alternative shared first-name personas) played songs such as Take It Off, Fall Behind Me and 40 Boys in 40 Days in this band. The Donnas
10%
This Japanese group sings songs about Banana Chips, Popcorn, Brown Mushrooms, Cookies and even Mayonnaise Addiction. Shonen Knife
6%
The Wiggins sisters made only one studio album (Philosophy of the World) and one single (My Pal Foot Foot), but they were popular enough to inspire tribute album called Better Than the Beatles. The Shaggs
5%
No matching quizzes found
Score Distribution
Percent of People with Each Score
Percentile by Number Answered
Your Score History
You have not taken this quiz